[Event "Bucharest Spring Festival"]
[Site "Bucharest"]
[Date "2003.03.15"]
[Round "13"]
[White "Musat, Adrian"]
[Black "Gordin, Artiom"]
[Result "1/2-1/2"]
[WhiteElo "2410"]
[BlackElo "2275"]
[PlyCount "21"]
[EventDate "2003.03.04"]
[EventType "tourn"]
[EventRounds "15"]
[EventCountry "ROU"]
[EventCategory "8"]
[SourceTitle "CBM 093 Extra"]
[Source "ChessBase"]
[SourceDate "2003.05.09"]
[SourceVersion "1"]
[SourceVersionDate "2003.05.09"]
[SourceQuality "1"]

1. Nf3 d5 2. c4 e6 3. g3 Nf6 4. Bg2 dxc4 5. Qa4+ Nbd7 6. Qxc4 c5 7. 0-0 a6 8. Qc2 b5 9. a4 Bb7 10. Nc3 Qb6 11. axb5 1/2-1/2

[Event "Bucharest Spring Festival"]
[Site "Bucharest"]
[Date "2003.03.14"]
[Round "12"]
[White "Gordin, Artiom"]
[Black "Mateuta, Gabriel"]
[Result "1/2-1/2"]
[WhiteElo "2275"]
[BlackElo "2402"]
[PlyCount "28"]
[EventDate "2003.03.04"]
[EventType "tourn"]
[EventRounds "15"]
[EventCountry "ROU"]
[EventCategory "8"]
[SourceTitle "CBM 093 Extra"]
[Source "ChessBase"]
[SourceDate "2003.05.09"]
[SourceVersion "1"]
[SourceVersionDate "2003.05.09"]
[SourceQuality "1"]

1. d4 e6 2. c4 Bb4+ 3. Bd2 a5 4. Nc3 Nf6 5. Bg5 h6 6. Bh4 d6 7. e3 Nbd7 8. Bd3 Bxc3+ 9. bxc3 e5 10. f3 Qe7 11. e4 Nf8 12. Ne2 g5 13. Bf2 Ng6 14. Qd2 b6 1/2-1/2

[Event "Bucharest Spring Festival"]
[Site "Bucharest"]
[Date "2003.03.11"]
[Round "9"]
[White "Itkis, Boris"]
[Black "Gordin, Artiom"]
[Result "1-0"]
[WhiteElo "2452"]
[BlackElo "2275"]
[PlyCount "112"]
[EventDate "2003.03.04"]
[EventType "tourn"]
[EventRounds "15"]
[EventCountry "ROU"]
[EventCategory "8"]
[SourceTitle "CBM 093 Extra"]
[Source "ChessBase"]
[SourceDate "2003.05.09"]
[SourceVersion "1"]
[SourceVersionDate "2003.05.09"]
[SourceQuality "1"]

1. d4 Nf6 2. c4 e6 3. Nf3 Bb4+ 4. Bd2 Qe7 5. g3 b6 6. Bg2 Bb7 7. 0-0 Bxd2 8. Qxd2 0-0 9. Nc3 d5 10. cxd5 exd5 11. Rfd1 Rd8 12. Qg5 h6 13. Qf4 Na6 14. Nh4 Qd6 15. Qxd6 Rxd6 16. Nf5 Rdd8 17. Rac1 g6 18. Ne3 c6 19. Nc2 Nc7 20. b4 Ba6 21. a4 Bc4 22. Na3 Bb3 23. Rd2 a5 24. Rb2 axb4 25. Rxb3 bxc3 26. Rcxc3 Rxa4 27. Rxc6 Ne6 28. e3 Rda8 29. Nc2 Rb8 30. Rbxb6 Rxb6 31. Rxb6 Ra2 32. Rc6 Rb2 33. Bf3 Kg7 34. Kg2 Ng5 35. Be2 Nge4 36. f3 Nd2 37. Kf2 Rb1 38. Bd3 g5 39. Ke2 Nb3 40. Ne1 Nc1+ 41. Kd2 Nxd3 42. Nxd3 g4 43. fxg4 Rh1 44. Nf4 Rxh2+ 45. Kd3 Nxg4 46. Nxd5 Nf2+ 47. Kc4 Ne4 48. Nc3 Nxg3 49. d5 Rd2 50. d6 Nh5 51. Ne4 Rd1 52. Rc5 Nf6 53. Nxf6 Kxf6 54. Rd5 Rc1+ 55. Kb5 Ke6 56. d7 Rb1+ 1-0

[Event "Bucharest Spring Festival"]
[Site "Bucharest"]
[Date "2003.03.08"]
[Round "6"]
[White "Gordin, Artiom"]
[Black "Soltanici, Ruslan"]
[Result "1-0"]
[WhiteElo "2275"]
[BlackElo "2389"]
[PlyCount "80"]
[EventDate "2003.03.04"]
[EventType "tourn"]
[EventRounds "15"]
[EventCountry "ROU"]
[EventCategory "8"]
[SourceTitle "CBM 093 Extra"]
[Source "ChessBase"]
[SourceDate "2003.05.09"]
[SourceVersion "1"]
[SourceVersionDate "2003.05.09"]
[SourceQuality "1"]

1. d4 Nf6 2. c4 e6 3. Nc3 Bb4 4. Bg5 h6 5. Bh4 c5 6. d5 Bxc3+ 7. bxc3 d6 8. e3 Qe7 9. Nf3 e5 10. Qc2 Nbd7 11. Nd2 Kd8 12. Bd3 Kc7 13. 0-0-0 g5 14. Bg3 Nh5 15. h3 Ndf6 16. Bh2 Ng7 17. f4 Nd7 18. Rhf1 Rf8 19. g4 h5 20. Ne4 gxf4 21. exf4 f6 22. g5 f5 23. fxe5 Nxe5 24. Nxc5 b6 25. Nb3 f4 26. Rxf4 Qxg5 27. Qf2 Bxh3 28. c5 bxc5 29. Nxc5 Bg4 30. Na6+ Kd7 31. Bb5+ Ke7 32. Re1 Bd7 33. Rxe5+ Qxe5 34. Qh4+ Rf6 35. Re4 Qxe4 36. Qxe4+ Kd8 37. Qh4 Ne8 38. Bxd6 Bxb5 39. Be5 Bxa6 40. Bxf6+ Kc7 1-0

[Event "Bucharest Spring Festival"]
[Site "Bucharest"]
[Date "2003.03.05"]
[Round "3"]
[White "Gordin, Artiom"]
[Black "Vasiesiu, Dan"]
[Result "0-1"]
[WhiteElo "2275"]
[BlackElo "2435"]
[PlyCount "66"]
[EventDate "2003.03.04"]
[EventType "tourn"]
[EventRounds "15"]
[EventCountry "ROU"]
[EventCategory "8"]
[SourceTitle "CBM 093 Extra"]
[Source "ChessBase"]
[SourceDate "2003.05.09"]
[SourceVersion "1"]
[SourceVersionDate "2003.05.09"]
[SourceQuality "1"]

1. d4 Nf6 2. c4 e6 3. Nc3 Bb4 4. Bg5 h6 5. Bh4 c5 6. d5 Bxc3+ 7. bxc3 d6 8. e3 Qe7 9. Nf3 Nbd7 10. Nd2 e5 11. Qc2 e4 12. Be2 g5 13. Bg3 Kd8 14. h4 Re8 15. hxg5 hxg5 16. Rb1 Ne5 17. Qa4 Ng6 18. Qa5+ Qc7 19. Qxc7+ Kxc7 20. 0-0 g4 21. Rfe1 Bf5 22. Rb5 b6 23. Nf1 Rh8 24. f3 gxf3 25. gxf3 Rag8 26. Kf2 Rh3 27. Nd2 Nh4 28. Rg1 exf3 29. Bf1 Rgxg3 30. Rxg3 Rh2+ 31. Ke1 Rxd2 32. Rg7 Ne4 33. Rxf7+ Kd8 0-1

[Event "Bucharest Spring Festival"]
[Site "Bucharest"]
[Date "2003.03.03"]
[Round "1"]
[White "Gordin, Artiom"]
[Black "Moldovan, Daniel"]
[Result "1/2-1/2"]
[WhiteElo "2275"]
[BlackElo "2447"]
[PlyCount "61"]
[EventDate "2003.03.04"]
[EventType "tourn"]
[EventRounds "15"]
[EventCountry "ROU"]
[EventCategory "8"]
[SourceTitle "CBM 093 Extra"]
[Source "ChessBase"]
[SourceDate "2003.05.09"]
[SourceVersion "1"]
[SourceVersionDate "2003.05.09"]
[SourceQuality "1"]

1. d4 g6 2. c4 Bg7 3. Nc3 d6 4. Nf3 Bg4 5. d5 e5 6. e4 Nd7 7. Be2 Bxf3 8. Bxf3 Bh6 9. a3 Bxc1 10. Rxc1 Ngf6 11. b4 0-0 12. 0-0 Ne8 13. Be2 a6 14. Qd2 Ng7 15. g3 f5 16. exf5 gxf5 17. f4 exf4 18. Rxf4 Qe7 19. Rcf1 Rae8 20. Kg2 Ne5 21. Bd3 Ng4 22. Nd1 Qg5 23. Be2 Ne5 24. Rd4 h6 25. Nf2 Ng6 26. Nh3 Qxd2 27. Rxd2 Re3 28. Rf3 Rfe8 29. Kf2 R3e4 30. Rc3 f4 31. gxf4 1/2-1/2

[Event "Bucharest Juventus"]
[Site "Bucharest"]
[Date "2002.08.14"]
[Round "9"]
[White "Gheng, Josef"]
[Black "Gordin, Artiom"]
[Result "0-1"]
[WhiteElo "2373"]
[BlackElo "2296"]
[PlyCount "119"]
[EventDate "2002.08.05"]
[EventType "tourn"]
[EventRounds "11"]
[EventCountry "ROU"]
[EventCategory "3"]
[SourceTitle "CBM 089 Extra"]
[Source "ChessBase"]
[SourceDate "2002.09.10"]
[SourceVersion "2"]
[SourceVersionDate "2002.09.10"]
[SourceQuality "1"]

1. e4 e5 2. Nf3 Nc6 3. Bb5 a6 4. Ba4 Nf6 5. 0-0 Be7 6. Re1 b5 7. Bb3 d6 8. c3 0-0 9. d4 Bg4 10. d5 Na5 11. h3 Nxb3 12. axb3 Bd7 13. c4 Qc8 14. Nbd2 c6 15. Nf1 bxc4 16. bxc4 cxd5 17. cxd5 Qc4 18. Ng3 Rfb8 19. Ra3 Rb4 20. Nd2 Qb5 21. Nb1 Qb7 22. Nc3 Bd8 23. Na2 Rb5 24. Rf3 Ne8 25. Kh2 a5 26. Nc3 Rb4 27. Nf5 Bxf5 28. Rxf5 g6 29. Rf3 Bb6 30. h4 Ng7 31. Qd2 Qe7 32. Rh3 Nh5 33. Qe2 Bd4 34. Nb5 Bxf2 35. Rf1 Bc5 36. Nc3 Rab8 37. Qg4 Kh8 38. Bg5 f6 39. Bc1 f5 40. Rxf5 gxf5 41. Qxh5 f4 42. Qe2 Bd4 43. Qa6 Qc7 44. h5 h6 45. Rh4 Bxc3 46. bxc3 Rb1 47. Rg4 Rxc1 48. Rg6 Qb6 49. Rxh6+ Kg7 50. Rg6+ Kh7 51. Qc4 Qc5 52. Qa6 Qg1+ 53. Kh3 Rxc3+ 54. Kg4 Qxg2+ 55. Kf5 Qh3+ 56. Kf6 Qh4+ 57. Ke6 Re8+ 58. Kf5 Qxh5+ 59. Rg5 Rf8+ 60. Ke6 0-1

[Event "Bucharest Juventus"]
[Site "Bucharest"]
[Date "2002.08.11"]
[Round "7"]
[White "Nita, Lucian"]
[Black "Gordin, Artiom"]
[Result "0-1"]
[WhiteElo "2265"]
[BlackElo "2296"]
[PlyCount "53"]
[EventDate "2002.08.05"]
[EventType "tourn"]
[EventRounds "11"]
[EventCountry "ROU"]
[EventCategory "3"]
[SourceTitle "CBM 089 Extra"]
[Source "ChessBase"]
[SourceDate "2002.09.10"]
[SourceVersion "2"]
[SourceVersionDate "2002.09.10"]
[SourceQuality "1"]

1. e4 e5 2. Nf3 Nc6 3. d3 Nf6 4. Be2 d6 5. 0-0 g6 6. Nbd2 Bg7 7. c3 0-0 8. Ne1 d5 9. Nc2 Be6 10. b4 a5 11. b5 Nb8 12. Ba3 Re8 13. c4 c6 14. bxc6 bxc6 15. Rb1 Nbd7 16. exd5 cxd5 17. d4 Rc8 18. dxe5 Nxe5 19. c5 Bf8 20. Ba6 Rc7 21. Rb5 Qa8 22. Rxa5 Nc6 23. Ra4 Ra7 24. Bb2 Nd7 25. Rh4 Rxa6 26. Nf3 Qd8 27. Nfd4 0-1

[Event "Bucharest Juventus"]
[Site "Bucharest"]
[Date "2002.08.05"]
[Round "1"]
[White "Burnoiu, Nicolae Costel"]
[Black "Gordin, Artiom"]
[Result "1-0"]
[WhiteElo "2426"]
[BlackElo "2296"]
[PlyCount "97"]
[EventDate "2002.08.05"]
[EventType "tourn"]
[EventRounds "11"]
[EventCountry "ROU"]
[EventCategory "3"]
[SourceTitle "CBM 089 Extra"]
[Source "ChessBase"]
[SourceDate "2002.09.10"]
[SourceVersion "2"]
[SourceVersionDate "2002.09.10"]
[SourceQuality "1"]

1. e4 e5 2. Nf3 Nc6 3. d4 exd4 4. Nxd4 Bc5 5. Nxc6 Qf6 6. Qd2 bxc6 7. Nc3 Ne7 8. Bd3 0-0 9. Na4 Bb6 10. 0-0 d5 11. Re1 Be6 12. Qf4 Qxf4 13. Bxf4 Rfe8 14. Rac1 c5 15. exd5 Nxd5 16. Bg3 Rad8 17. Bb5 Rf8 18. a3 h6 19. h3 Ne7 20. Bc4 Nf5 21. Bxe6 fxe6 22. Bh2 Kf7 23. Rcd1 Rd4 24. Nc3 Ba5 25. Be5 Rxd1 26. Rxd1 Ke7 27. Nb5 Bb6 28. Nxc7 c4 29. g4 Rc8 30. gxf5 Bxc7 31. Bxc7 Rxc7 32. Re1 Rb7 33. Rxe6+ Kf7 34. Rc6 Rxb2 35. Rxc4 Rb7 36. a4 Kf6 37. Rc5 Rd7 38. Kg2 Rd4 39. a5 Ra4 40. Kf3 h5 41. c4 Ra3+ 42. Kf4 Rxh3 43. Rc6+ Kf7 44. Kg5 Rh1 45. Rc7+ Kf8 46. Rxa7 h4 47. a6 h3 48. Kg4 h2 49. Kg3 1-0

[Event "Kishinev ULIM Cup"]
[Site "Kishinev"]
[Date "2001.10.12"]
[Round "6"]
[White "Barasiant, Mariana"]
[Black "Gordin, Artiom"]
[Result "0-1"]
[WhiteElo "2062"]
[BlackElo "2226"]
[PlyCount "68"]
[EventDate "2001.10.07"]
[EventType "swiss"]
[EventRounds "9"]
[EventCountry "MDA"]
[SourceTitle "EXT 2002"]
[Source "ChessBase"]
[SourceDate "2001.11.25"]
[SourceVersion "1"]
[SourceVersionDate "2001.11.25"]
[SourceQuality "1"]

1. d4 Nf6 2. Nf3 e6 3. c4 Bb4+ 4. Bd2 Qe7 5. a3 Bxd2+ 6. Qxd2 0-0 7. Nc3 d6 8. e3 e5 9. Qc2 c6 10. d5 a6 11. e4 Nh5 12. g3 f5 13. Bg2 fxe4 14. Qxe4 Bf5 15. Qh4 Nf6 16. 0-0 cxd5 17. cxd5 Nbd7 18. Ng5 h6 19. Nge4 Rac8 20. Rac1 Nc5 21. Nxf6+ Qxf6 22. Qxf6 gxf6 23. f3 Bd3 24. Rf2 f5 25. Bf1 b5 26. Rd1 Bxf1 27. Kxf1 Kg7 28. Kg2 Nb3 29. g4 fxg4 30. fxg4 Rxf2+ 31. Kxf2 Rc4 32. Kg3 Rf4 33. Re1 Nd2 34. h3 b4 0-1

[Event "Kishinev ULIM Cup"]
[Site "Kishinev"]
[Date "2001.10.09"]
[Round "3"]
[White "Gordin, Artiom"]
[Black "Prociuc, Evgenii"]
[Result "1-0"]
[WhiteElo "2226"]
[BlackElo "2020"]
[PlyCount "53"]
[EventDate "2001.10.07"]
[EventType "swiss"]
[EventRounds "9"]
[EventCountry "MDA"]
[SourceTitle "EXT 2002"]
[Source "ChessBase"]
[SourceDate "2001.11.25"]
[SourceVersion "1"]
[SourceVersionDate "2001.11.25"]
[SourceQuality "1"]

1. d4 Nf6 2. c4 g6 3. Nc3 Bg7 4. e4 d6 5. h3 0-0 6. Bg5 c5 7. d5 e6 8. Bd3 exd5 9. cxd5 Re8 10. Nf3 a6 11. a4 Nbd7 12. 0-0 Qe7 13. Re1 Ne5 14. Nxe5 Qxe5 15. Be3 Bd7 16. f4 Qe7 17. Bf2 Nh5 18. Qf3 Bh6 19. Be3 Qf6 20. Rf1 Bf8 21. g4 Ng7 22. e5 dxe5 23. Ne4 Qd8 24. fxe5 Rxe5 25. Qf4 Qe7 26. d6 Qe6 27. Bxc5 1-0

[Event "Chigorin Memorial 08th"]
[Site "St Petersburg"]
[Date "2000.11.05"]
[Round "5"]
[White "Atalik, Ekaterina"]
[Black "Gordin, Artiom"]
[Result "1-0"]
[WhiteElo "2386"]
[BlackElo "2169"]
[PlyCount "79"]
[EventDate "2000.10.31"]
[EventType "swiss"]
[EventRounds "9"]
[EventCountry "RUS"]
[SourceTitle "EXT 2001"]
[Source "ChessBase"]
[SourceDate "2000.11.22"]
[SourceVersion "1"]
[SourceVersionDate "2000.11.22"]
[SourceQuality "1"]

1. b3 e5 2. Bb2 Nc6 3. c4 d6 4. Nc3 g6 5. e3 Bg7 6. g3 Nge7 7. Bg2 0-0 8. Nge2 Be6 9. 0-0 Qd7 10. d4 Bh3 11. d5 Bxg2 12. Kxg2 Nd8 13. Qd2 a5 14. a3 f5 15. f4 Nf7 16. Rfd1 g5 17. b4 b6 18. Qc2 axb4 19. axb4 Rxa1 20. Rxa1 c5 21. bxc5 bxc5 22. Qb3 Ng6 23. Bc1 Qe7 24. Qc2 Nh6 25. h3 Re8 26. Ra2 gxf4 27. exf4 Qf6 28. Nb5 Nf8 29. Ra6 Nf7 30. Bb2 Qg6 31. fxe5 Bxe5 32. Bxe5 Rxe5 33. Nf4 Qg7 34. Ra8 Re3 35. Qf2 Qe5 36. Ne6 Qe4+ 37. Kh2 h5 38. Rxf8+ Kh7 39. Rxf7+ Kg6 40. Nxd6 1-0

[Event "Chigorin Memorial 08th"]
[Site "St Petersburg"]
[Date "2000.11.02"]
[Round "3"]
[White "Gordin, Artiom"]
[Black "Pushkov, Nikolai"]
[Result "1-0"]
[WhiteElo "2169"]
[BlackElo "2546"]
[PlyCount "87"]
[EventDate "2000.10.31"]
[EventType "swiss"]
[EventRounds "9"]
[EventCountry "RUS"]
[SourceTitle "EXT 2001"]
[Source "ChessBase"]
[SourceDate "2000.11.22"]
[SourceVersion "1"]
[SourceVersionDate "2000.11.22"]
[SourceQuality "1"]

1. d4 Nf6 2. c4 e6 3. Nc3 Bb4 4. Bg5 h6 5. Bh4 b6 6. e3 Bb7 7. Nf3 c5 8. Rc1 0-0 9. Bd3 d6 10. 0-0 Qe7 11. Ne4 g5 12. Nxf6+ Qxf6 13. Bg3 Rd8 14. a3 Ba5 15. e4 Na6 16. Rb1 Rac8 17. Kh1 Qg7 18. h4 e5 19. Qc1 f6 20. Nh2 Rb8 21. Ng4 Bc8 22. Ne3 exd4 23. Nc2 b5 24. cxb5 Nc7 25. b4 Bb6 26. a4 Ne6 27. Bc4 Kh7 28. Qd1 Nf4 29. Qf3 Bc7 30. Bd5 Re8 31. Bxf4 gxf4 32. Qxf4 Re5 33. Ne1 Rh5 34. Nf3 Bg4 35. g3 f5 36. Nh2 Bh3 37. Rfe1 Rf8 38. Qf3 Bg4 39. Nxg4 fxg4 40. Qe2 cxb4 41. Be6 Rf3 42. Bf5+ Kg8 43. Qc4+ Kh8 44. Qe6 1-0

[Event "Chigorin Memorial 08th"]
[Site "St Petersburg"]
[Date "2000.11.01"]
[Round "2"]
[White "Korbut, Ekaterina"]
[Black "Gordin, Artiom"]
[Result "1-0"]
[WhiteElo "2336"]
[BlackElo "2169"]
[PlyCount "73"]
[EventDate "2000.10.31"]
[EventType "swiss"]
[EventRounds "9"]
[EventCountry "RUS"]
[SourceTitle "EXT 2001"]
[Source "ChessBase"]
[SourceDate "2000.11.22"]
[SourceVersion "1"]
[SourceVersionDate "2000.11.22"]
[SourceQuality "1"]

1. e4 e5 2. Nf3 Nc6 3. Bb5 a6 4. Ba4 Nf6 5. Qe2 Bd6 6. c3 0-0 7. d3 Re8 8. Bg5 Bf8 9. Nbd2 b5 10. Bb3 Na5 11. Bc2 c5 12. Nf1 Qb6 13. Ne3 Bb7 14. a3 b4 15. axb4 cxb4 16. Ba4 bxc3 17. bxc3 Qc7 18. 0-0 Re6 19. Qa2 h6 20. Bxf6 Rxf6 21. Bc2 Nc6 22. Nd5 Qd6 23. Nxf6+ Qxf6 24. Rfb1 Bc8 25. Qd5 Ra7 26. Ba4 Bd6 27. d4 exd4 28. cxd4 Ne7 29. Qa5 Ng6 30. e5 Qf5 31. Qd8+ Kh7 32. Qxc8 Rc7 33. Qd8 Nf4 34. exd6 Qg4 35. Ne1 Nh3+ 36. Kf1 Qf4 37. gxh3 1-0

[Event "Chigorin Memorial 08th"]
[Site "St Petersburg"]
[Date "2000.10.31"]
[Round "1"]
[White "Gordin, Artiom"]
[Black "Kulikov, Aleksandr"]
[Result "0-1"]
[WhiteElo "2169"]
[BlackElo "2415"]
[PlyCount "80"]
[EventDate "2000.10.31"]
[EventType "swiss"]
[EventRounds "9"]
[EventCountry "RUS"]
[SourceTitle "EXT 2001"]
[Source "ChessBase"]
[SourceDate "2000.11.22"]
[SourceVersion "1"]
[SourceVersionDate "2000.11.22"]
[SourceQuality "1"]

1. d4 d5 2. c4 c6 3. cxd5 cxd5 4. Nf3 Nf6 5. Nc3 Nc6 6. Bf4 e6 7. e3 Bd6 8. Bg3 0-0 9. Bd3 h6 10. 0-0 Bxg3 11. hxg3 Qe7 12. a3 Ng4 13. b4 Bd7 14. Na4 Rfc8 15. Nc5 Be8 16. Be2 f5 17. Nd2 Nf6 18. Bf3 b6 19. Nd3 a5 20. b5 Nd8 21. a4 Nf7 22. g4 Rc6 23. Nf4 g5 24. Ne2 Rc7 25. Ng3 Nd6 26. gxf5 exf5 27. Qb3 Bf7 28. Rac1 Rac8 29. Rxc7 Qxc7 30. Qa3 h5 31. Nb3 h4 32. Nh1 Kg7 33. Qc1 Qe7 34. Qb1 Be6 35. Rc1 Nc4 36. Qd3 Qa3 37. Ra1 Qb4 38. g3 Nb2 39. Qd2 Qxb3 40. Rb1 Rc2 0-1

[Event "EU-ch U18"]
[Site "Chalkidiki"]
[Date "2000.10.07"]
[Round "6"]
[White "Gordin, Artiom"]
[Black "Pataki, Gyozo"]
[Result "1/2-1/2"]
[WhiteElo "2169"]
[BlackElo "2294"]
[PlyCount "85"]
[EventDate "2000.10.02"]
[EventType "swiss"]
[EventRounds "9"]
[EventCountry "GRE"]
[SourceTitle "CBM 078 Extra"]
[Source "ChessBase"]
[SourceDate "2000.11.10"]
[SourceVersion "1"]
[SourceVersionDate "2000.11.10"]
[SourceQuality "1"]

1. d4 d5 2. c4 e6 3. Nc3 Nf6 4. cxd5 exd5 5. Bg5 c6 6. Qc2 Na6 7. a3 Be7 8. e3 Nc7 9. Bd3 h6 10. Bh4 0-0 11. Nf3 Re8 12. 0-0 Ne4 13. Bxe7 Qxe7 14. Bxe4 dxe4 15. Nd2 Nd5 16. Rfc1 Nxc3 17. Qxc3 Qg5 18. Qc5 Qg6 19. Nf1 h5 20. h4 Qg4 21. Ng3 f5 22. Qc4+ Be6 23. Qe2 Qxh4 24. Qxh5 Qf6 25. Rc5 g6 26. Qh6 Kf7 27. Qh7+ Qg7 28. Qxg7+ Kxg7 29. b4 a6 30. Ne2 Rh8 31. Re5 Kf6 32. g4 Rh4 33. gxf5 gxf5 34. Kg2 Rah8 35. Rg1 Bc4 36. Kf1 Rh1 37. Rxh1 Rxh1+ 38. Kg2 Ra1 39. Ng3 Be6 40. Nh5+ Kf7 41. Ng7 Kxg7 42. Rxe6 Kf7 43. Rh6 1/2-1/2

[Event "Artek ol U16"]
[Site "Artek"]
[Date "1999.09.20"]
[Round "9"]
[White "Gordin, Artiom"]
[Black "Szilagyi, Zsolt"]
[Result "1-0"]
[WhiteElo "2169"]
[BlackElo "2189"]
[PlyCount "73"]
[EventDate "1999.09.09"]
[EventType "team"]
[EventRounds "9"]
[EventCountry "UKR"]
[SourceTitle "EXT 2000"]
[Source "ChessBase"]
[SourceDate "1999.11.16"]
[SourceVersion "1"]
[SourceVersionDate "1999.11.16"]
[SourceQuality "1"]

1. d4 Nf6 2. c4 c5 3. d5 b5 4. cxb5 a6 5. bxa6 Bxa6 6. Nc3 g6 7. e4 Bxf1 8. Kxf1 d6 9. Nge2 Bg7 10. h3 0-0 11. Kg1 Nbd7 12. Kh2 Ra6 13. Qc2 Qa8 14. Rd1 Rb8 15. Rb1 Ne8 16. Bd2 Nc7 17. Be1 Qb7 18. b3 Rba8 19. a4 Rb8 20. Na2 e6 21. b4 Qa8 22. bxc5 Rxb1 23. Qxb1 Nxc5 24. a5 exd5 25. exd5 Nxd5 26. Nac3 Be5+ 27. Kh1 Nxc3 28. Nxc3 Rxa5 29. f4 Bg7 30. Rxd6 Ra1 31. Rd8+ Qxd8 32. Qxa1 Nd3 33. Qb1 Nxf4 34. Qe4 Nd3 35. Nb5 Nc5 36. Bg3 h5 37. h4 1-0

[Event "Artek ol U16"]
[Site "Artek"]
[Date "1999.09.18"]
[Round "7"]
[White "Gordin, Artiom"]
[Black "Moradiabadi, Elshan"]
[Result "1/2-1/2"]
[WhiteElo "2169"]
[BlackElo "2094"]
[PlyCount "45"]
[EventDate "1999.09.09"]
[EventType "team"]
[EventRounds "9"]
[EventCountry "UKR"]
[SourceTitle "EXT 2000"]
[Source "ChessBase"]
[SourceDate "1999.11.16"]
[SourceVersion "1"]
[SourceVersionDate "1999.11.16"]
[SourceQuality "1"]

1. d4 Nf6 2. c4 g6 3. Nc3 Bg7 4. e4 d6 5. h3 0-0 6. Bg5 Na6 7. Nf3 e5 8. d5 Qe8 9. g4 Nd7 10. Rg1 Ndc5 11. Qd2 Bd7 12. Rb1 Na4 13. Nxa4 Bxa4 14. Bd3 Nc5 15. Bc2 a5 16. h4 Bd7 17. Be3 b6 18. h5 Qe7 19. Bg5 Bf6 20. Bh6 Bg7 21. Bg5 Bf6 22. Bh6 Bg7 23. Qg5 1/2-1/2

[Event "Artek ol U16"]
[Site "Artek"]
[Date "1999.09.14"]
[Round "4"]
[White "Rusev, Krasimir"]
[Black "Gordin, Artiom"]
[Result "1/2-1/2"]
[WhiteElo "2202"]
[BlackElo "2169"]
[PlyCount "83"]
[EventDate "1999.09.09"]
[EventType "team"]
[EventRounds "9"]
[EventCountry "UKR"]
[SourceTitle "EXT 2000"]
[Source "ChessBase"]
[SourceDate "1999.11.16"]
[SourceVersion "1"]
[SourceVersionDate "1999.11.16"]
[SourceQuality "1"]

1. e4 e5 2. Nf3 Nc6 3. Bc4 Nf6 4. d4 exd4 5. 0-0 Nxe4 6. Re1 d5 7. Bxd5 Qxd5 8. Nc3 Qh5 9. Nxe4 Be6 10. Bg5 Bd6 11. Nxd6+ cxd6 12. Bf4 0-0 13. Nxd4 Qxd1 14. Raxd1 Nxd4 15. Rxd4 Rfc8 16. Rd2 d5 17. Be5 Rc6 18. Re3 f6 19. Bd4 Kf7 20. c3 a6 21. a4 b5 22. a5 b4 23. f3 Rb8 24. cxb4 Rxb4 25. Rc3 Rxc3 26. Bxc3 Rc4 27. Kf2 Ra4 28. b4 Ra3 29. Bd4 Bd7 30. Bc5 Bb5 31. Rxd5 Rd3 32. Rxd3 Bxd3 33. Ke3 Bf1 34. g4 g5 35. Ke4 Be2 36. Bf2 Kg6 37. h3 Bb5 38. Kd5 f5 39. Ke5 fxg4 40. hxg4 Bc6 41. f4 gxf4 42. Kxf4 1/2-1/2

[Event "Artek ol U16"]
[Site "Artek"]
[Date "1999.09.12"]
[Round "3"]
[White "Gordin, Artiom"]
[Black "Gao, Lu"]
[Result "1-0"]
[WhiteElo "2169"]
[BlackElo "2221"]
[PlyCount "78"]
[EventDate "1999.09.09"]
[EventType "team"]
[EventRounds "9"]
[EventCountry "UKR"]
[SourceTitle "EXT 2000"]
[Source "ChessBase"]
[SourceDate "1999.11.16"]
[SourceVersion "1"]
[SourceVersionDate "1999.11.16"]
[SourceQuality "1"]

1. e4 e5 2. Nc3 Nc6 3. g3 g6 4. Bg2 Bg7 5. Nge2 d6 6. 0-0 Nge7 7. d3 0-0 8. Be3 Be6 9. d4 exd4 10. Nxd4 Qd7 11. Nd5 Nd8 12. c3 c6 13. Nxe7+ Qxe7 14. Qd2 f6 15. f4 Nf7 16. Rae1 Rfd8 17. b3 c5 18. Nxe6 Qxe6 19. f5 Qe7 20. g4 g5 21. Rd1 Ne5 22. h3 b5 23. Qe2 Rab8 24. Rd5 h6 25. Rfd1 Bf8 26. Qd2 Nf7 27. Bf2 Qc7 28. Qe3 b4 29. cxb4 Rxb4 30. Qc3 Be7 31. a3 Rb7 32. Bf1 Rdb8 33. Bc4 Kg7 34. Bg3 Qb6 35. R5d2 Ne5 36. Bxe5 dxe5 37. Rd5 Qc6 38. Qd3 Qe8 39. Qe2 Rc7 1-0

[Event "Centrocoop June op-A"]
[Site "Eforie Nord"]
[Date "1999.06.??"]
[Round "?"]
[White "Diulger, Alexey"]
[Black "Gordin, Artiom"]
[Result "1-0"]
[WhiteElo "2275"]
[BlackElo "2134"]
[PlyCount "100"]
[EventDate "1999.06.??"]
[EventType "swiss"]
[EventRounds "11"]
[EventCountry "ROU"]
[SourceTitle "EXT 2004"]
[Source "ChessBase"]
[SourceDate "2003.11.25"]
[SourceVersion "1"]
[SourceVersionDate "2003.11.25"]
[SourceQuality "1"]

1. d4 Nf6 2. Nf3 e6 3. Bg5 d5 4. c4 Nbd7 5. cxd5 exd5 6. Nc3 Be7 7. e3 0-0 8. Bd3 Re8 9. 0-0 Nf8 10. Qc2 c6 11. Bxf6 Bxf6 12. b4 Bg4 13. Nd2 g6 14. b5 Rc8 15. bxc6 bxc6 16. Na4 Be7 17. Nb3 Bd6 18. Nac5 Qh4 19. g3 Qf6 20. Rfe1 Bf3 21. Be2 h5 22. Bxf3 Qxf3 23. Qe2 Qf6 24. Kg2 Nh7 25. h4 Qe7 26. Qf3 Nf6 27. Rac1 Ng4 28. Rc2 Qc7 29. Rec1 Qb6 30. Nd3 Ba3 31. Rd1 Re7 32. Nf4 Rce8 33. Rd3 Bb4 34. Qd1 Bd6 35. Qf3 Re4 36. Rdc3 Bxf4 37. Rxc6 Qd8 38. exf4 Re1 39. Qd3 Kg7 40. Rc7 Qf6 41. R7c6 R8e6 42. Rxe6 Qxe6 43. Nc5 Qe7 44. Rb2 a5 45. a4 Nh6 46. Qf3 Nf5 47. Nd3 Re4 48. Nc5 Rxd4 49. Qc3 Qf6 50. Rb7 Kh6 1-0

[Event "Centrocoop June op-A"]
[Site "Eforie Nord"]
[Date "1999.06.??"]
[Round "?"]
[White "Gordin, Artiom"]
[Black "Ambrus, Endre"]
[Result "0-1"]
[WhiteElo "2134"]
[BlackElo "2294"]
[PlyCount "116"]
[EventDate "1999.06.??"]
[EventType "swiss"]
[EventRounds "11"]
[EventCountry "ROU"]
[SourceTitle "EXT 2004"]
[Source "ChessBase"]
[SourceDate "2003.11.25"]
[SourceVersion "1"]
[SourceVersionDate "2003.11.25"]
[SourceQuality "1"]

1. d4 b5 2. e4 a6 3. Bd3 Bb7 4. Be3 Nf6 5. Nd2 d6 6. Ngf3 g6 7. h3 Bg7 8. 0-0 0-0 9. a4 b4 10. c4 Nbd7 11. Qc2 c5 12. d5 Kh8 13. Nb3 Rc8 14. Bf4 Nh5 15. Bh2 e5 16. Nc1 Nf4 17. Ne2 b3 18. Qxb3 Nxe2+ 19. Bxe2 Rb8 20. Qc2 f5 21. Nd2 Bc8 22. Rab1 Nf6 23. exf5 gxf5 24. Kh1 Qe8 25. b3 Rb7 26. Rfc1 Bh6 27. f4 e4 28. Nf1 Nh5 29. Bxh5 Qxh5 30. Ne3 Qh4 31. Rf1 Bd7 32. Qc3+ Bg7 33. Qa5 Ra8 34. Nc2 Qf6 35. b4 Qc3 36. Rbc1 Bf6 37. Na1 Qxc1 38. Rxc1 Bd8 39. Qxd8+ Rxd8 40. b5 axb5 41. axb5 Ra8 42. Nc2 Rba7 43. Bg3 Ra4 44. Ne3 Ra3 45. Bf2 Rb3 46. Kh2 Ra2 47. Kg1 Rbb2 48. Bh4 Re2 49. Rc3 Kg8 50. Be7 Ra1+ 51. Kh2 Rae1 52. b6 Bc8 53. Ra3 Rxe3 54. Ra8 Kf7 55. Bxd6 Rb3 56. Rxc8 Rxb6 57. Bxc5 Rb2 58. Rf8+ Kg7 0-1